=LDR 00000nam 2200000 4500 =001 001165 =005 20250710115403 =035 ##$$a 0010-0725000052 =007 ta =008 250710################a##########0#ind## =020 ##$$a 978-623-307-625-8 =082 ##$$a 398.209 597 =084 ##$$a 398.209 597 HA, l =100 #$$a Ha, Vu Thi Kim =245 1#$$a Legenda Pahlawan Vietnam : $b Trung Bersaudara /$c Vu Thi Kim Ha =250 ##$$a Cetakan Pertama =260 ##$$a Badan Pengembangan dan Pembinaan Bahasa :$b Jakarta Timur,$c 2024 =300 ##$$a 12 hlm. : $b ilus. ; $c 22,9 cm =650 #4$$a Cerita Anak Indonesia-Terjemahan =650 #4$$a Literasi-Bahan Bacaan =856 ##$$a TBM As Suhada